|
|
|
|
| LEADER |
00000nam0a2200000 4500 |
| 001 |
310979 |
| 005 |
20231102002336.0 |
| 020 |
|
|
|a RU
|b 82-17104
|
| 035 |
|
|
|a (RuTPU)RU\TPU\book\336334
|
| 090 |
|
|
|a 310979
|
| 100 |
|
|
|a 20151201d1982 km y0rusy5003 ca
|
| 101 |
0 |
|
|a rus
|
| 102 |
|
|
|a RU
|
| 105 |
|
|
|a a z 101zy
|
| 200 |
1 |
|
|a Совершенствование методов проектирования состава и контроля качества бетона
|e материалы семинара
|f Московский дом научно-технической пропаганды
|
| 210 |
|
|
|a Москва
|c Изд-во МДНТП
|d 1982
|
| 215 |
|
|
|a 160 с.
|c ил.
|
| 320 |
|
|
|a Библиография в конце докладов
|
| 606 |
1 |
|
|a Бетон
|x Подбор состава
|x Автоматизация
|2 stltpush
|3 (RuTPU)RU\TPU\subj\35458
|9 57133
|
| 610 |
1 |
|
|a проектирование
|
| 610 |
1 |
|
|a контроль качества
|
| 610 |
1 |
|
|a сборные конструкции
|
| 610 |
1 |
|
|a монолитные конструкции
|
| 610 |
1 |
|
|a передовые методы
|
| 610 |
1 |
|
|a мелкозернистые бетоны
|
| 610 |
1 |
|
|a морозостойкость
|
| 610 |
1 |
|
|a вибропрокатные технологии
|
| 610 |
1 |
|
|a семинары
|
| 610 |
1 |
|
|a Москва
|
| 675 |
|
|
|a 666.972.031(063)
|v 3
|
| 712 |
0 |
2 |
|a Московский дом научно-технической пропаганды
|2 stltpush
|3 (RuTPU)RU\TPU\col\7885
|9 24405
|
| 712 |
1 |
2 |
|a Совершенствование методов проектирования состава и контроля качества бетона
|c семинар
|e Москва
|f 1982
|4 570
|
| 801 |
|
0 |
|a RU
|b RuMRKP
|c 19950704
|g psbo
|
| 801 |
|
1 |
|a RU
|b 63413507
|c 20151201
|
| 801 |
|
2 |
|a RU
|b 63413507
|c 20191002
|g RCR
|
| 942 |
|
|
|c BK
|